Quizzes
Events
Quiz Creation
Community
Videos
Private Events
Remove Ads
Sign In
Join for FREE
Feedback
Dark Mode
Quiz Categories
Sports
Geography
Music
Movies
Television
Just For Fun
Miscellaneous
History
Literature
Language
Science
Gaming
Entertainment
Religion
Holiday
For Kids
Quiz Lab
Recent
Popular Today
Quiz Kudos Today
Editor Picks
Curator Picks
Quizzes by...
Day
Popularity
Type
Ratings
Length
Year
Community
Subscriptions
Recent Discussions
Orange Saloon
Badges
Playlists
Quests
Create
Leaderboards
Showdown
Live 5
Trivia Bingo
Activity
Puzzle Library
Sporcle Events
Private Events
Virtual Trivia
Globe League
Become a Host
Pub Owners
SporcleCon
Opinionation
Our Games
Videos
Blog
Mobile Apps
Partnerships
Remove Ads and Go Orange
Feedback
Geography
Country
Landmarks
City
State
Population
World
Capital
Continent
Flags
Europe
Africa
Asia
South America
North America
Oceania
Border
Canada
United Kingdom
Topography
United States
Geography
Country
Landmarks
City
State
Population
World
Capital
Continent
Flags
Europe
Africa
Asia
South America
North America
Oceania
Border
Canada
United Kingdom
Topography
United States
Random Quiz
Search Sporcle
×
Quiz Lab
Quiz Lab
Geography
City
Type in answers that appear in a list
Type in answers that appear in a list
Classic
Best Score? Go Orange.
World Metro Areas Containing 'XYZ' Stats
Can you name the Top 25 World Metro Areas Containing 'XYZ'?
By
hungryj0e
10m
25 Questions
407 Plays
407 Plays
407 Plays
Comments
Comments
Give Quiz Kudos
Give Quiz Kudos
-
- Ratings
hide this ad
More Info
Replay
Link that replays current quiz
Next Quiz
Link to next quiz in quiz playlist
You Got
0%
They Got
Avg Score
46%
Avg Friend Score
Upgrade to see
Score Distribution
Jump to the score distribution portion of the page
Score
0/25
Timer
10:00
0
Plays Today
World Rank
City
% Correct
4
Mexico City, Mexico
95.8%
1
Tokyo, Japan
94.1%
7
New York, USA
90.4%
76
Sydney, Australia
67.3%
56
Xi'an, China
66.8%
2
Guangzhou, China
63.4%
63
Riyadh, Saudi Arabia
55.5%
75
Alexandria, Egypt
48.6%
70
Yangon, Myanmar
48.4%
77
Phoenix, USA
47.9%
134
Guatemala City, Guatemala
43%
41
Hyderabad, India
42.8%
28
Shenzhen, China
41.5%
World Rank
City
% Correct
50
Ho Chi Minh City, Vietnam
39.1%
35
Nagoya, Japan
37.3%
54
Belo Horizonte, Brazil
36.4%
84
Monterrey, Mexico
34.2%
86
Hangzhou, China
33.7%
125
Zhengzhou, China
33.7%
44
Shenyang, China
31.2%
98
Fortaleza, Brazil
30.2%
126
Fuzhou, China
24.6%
136
Izmir, Turkey
24.3%
131
Surabaya, Indonesia
21.9%
120
Taiyuan, China
10.8%
Quiz Playlist
Details
Report
Send in Message
Add To Playlist
More Info:
Name the largest 25 world metro areas with an 'x', 'y' or 'z' somewhere in their name. The figures come from citypop's agglomeration data
Classic:
Type in answers that appear in a list
Quiz Source
Last Updated: Feb 16, 2017
Quiz Scoreboard
CHALLENGE
Sign Up to Join the Scoreboard
Show All
Scores
Hide
Comments
May contain spoilers
Recently Published
9x9 Crossword: Cartoon Network
by jackfrog10
Miscellaneous
3m
College Basketball Coaching Resumes
by pancakes188
Sports
9m
Billboard Blitz: Fleetwood Mac
by CooCooCachoo
Music
15s
More to Explore
Quiz From the Vault
Featured Blog Post
Where Did the Easter Bunny Come From?
hide this ad
You Might Also Like...
Tags
City Quiz
Pop Music Quiz
World Quiz
area
Areas Containing
metro
Top 25
World Metros
XYZ
Today's Top Quizzes in Geography
Browse Geography
hide this ad
Today's Top Quizzes in City
Browse City
Top Contributed Quizzes in Geography
1
Countries of the World - No Outlines Minefield
2
Top 25 Cities of France on a map
3
Any capital of a 'B' country per Continent
4
Any capital of a 'C' country per Continent
5
Closest Countries to UK A-Z
6
Any capital of a 'D' country per Continent
7
5-to-1: US Geography No Hints
8
Any capital of an 'E' country per Continent
9
Find the US States - No Outlines
10
Any capital of an 'F' country per Continent
Explore More
Trending Topics
Marvel
Anime
NBA
Kpop
Harry Potter
Disney
Crossword
NFL
Soccer
Country
Puzzle
Song
WWE
Pokémon
The Office
hide this ad
More By:
hungryj0e
Quiz
Plays
Rating
Category
Featured
Created
Top 100 World Metros in 2020
4,897
3.58
Geography
Jan 21, 2010
'C' World Metros
2,082
3.95
Geography
Dec 8, 2009
World Metros Beginning With a Vowel
1,899
4.50
Geography
Apr 22, 2010
Alliterative World Metros
1,795
4.56
Geography
Nov 4, 2010
'D' World Metros
1,345
4.08
Geography
Dec 10, 2009
Go to Creator's Profile
Score Distribution
Quiz Creator Spotlight
hungryj0e
Follow
Send a Message
Quizzes Created
-
Created Quiz Play Count
-
More By This Creator
Popular Quizzes Today
1
Find the US States - No Outlines Minefield
2
Find the Countries of Europe - No Outlines Minefield
3
The Countries of the World
4
Find the US States
5
Risky Map Clicking: Biggest States A-Z
6
US States
7
Popular People in 1961
8
Movies - When Are They Set?
More Geography Quizzes
Make Europe...Upside Down!
Curator's Pick
Trending Quizzes
Risky Map Clicking: Least Populous States A-Z
1-10 Letter G Words
1-10 Letter F Words
Risky Map Clicking: Next State Alphabetically
Adjectives in 80s TV Shows
Recently Updated
Leaping Animals
pecheneg
Reality TV Shows (A-Z)
bhenderson79
Rickey Henderson's Hall of Fame Teammates
pecheneg
Champions League XIs: Arsenal
pecheneg
Quick Pick: Celebrities in WWE's Hall of Fame
aduchscher
A-Z Keypad Blitz II
pecheneg
Multiple Oscar Actors
pecheneg
Mystery Phrase Blitz: Oscar 'Best Actors'
pecheneg
F. Scott Fitzgerald Novels
LTH
Pick 3 Villains
ddd62291
Trending Topics
Harry Potter
Marvel
Crossword
Kpop
NBA
Anime
Disney
Country
Pokémon
Puzzle
NFL
WWE
Soccer
Song
The Office
Your Account Isn't Verified!
In order to create a playlist on Sporcle, you need to verify the email address you used during registration. Go to your
Sporcle Settings
to finish the process.
Report this User
Report this user for behavior that violates our
Community Guidelines
.
Details:
Send Report
Go to the Sporcle.com Mobile Site →
Comments